Statistics for History of Norway

Click here to take the quiz!

General Stats

  • This quiz has been taken 290 times
    (13 since last reset)
  • The average score is 13 of 20

Answer Stats

QuestionAnswer% Correct
Who was the painter of "The Scream"?Edvard Munch
100%
From what country did Norway gain it independence in 1905?Sweden
100%
What major island did Erik the Red discover in 982?Greenland
100%
What military officer collaborated with the Nazis and led Norway jointly with Germany?Vidkun Quisling
91%
Who was the first person to reach the South Pole?Roald Amundsen
91%
With what country did Norway have a real union from 1523–1814?Denmark
91%
What Norwegian-born British novelist wrote "Charlie and The Chocolate Factory"?Roald Dahl
82%
The worldwide famous song of "Take On Me" was released
by which Norwegian band in 1984?
A-ha
82%
Which town hosted the 1994 Winter Olympics?Lillehammer
82%
What was the capital of the Kingdom of Norway between 997–1217?Trondheim
73%
What was the name of the raft that was used by Thor Heyerdahl to sail
from Peru to Polynesia?
Kon-Tiki
73%
Who was the playwright of "A Doll's House"?Henrik Ibsen
73%
By what name was Oslo known between 1877– 1925?Christiania
64%
What name was given to the part of Antarctica that was annexed by Norway in 1939?Queen {Maud} Land
55%
Which Norwegian pianist composed "In the Hall of the Mountain King"?Edvard Grieg
55%
What language became official in Norway in the 1990s?Sami
36%
What Norwegian chess player's rating of 2882 is the highest in chess history?Magnus Carlsen
36%
Who was crowned as the king of Norway in 1991?Harald V
27%
In which day and month did the 2011 Norway attacks happen?22 July
18%
Which famous figure-skater won Olympic gold at age 15, in 1928?Sonja Henie
18%

Score Distribution

Percentile by Number Answered

Percent of People with Each Score

Your Score History

You have not taken this quiz since the last reset